000 00437nam a2200193Ia 4500
005 20240823035646.0
008 240823s9999||||xx |||||||||||||| ||und||
020 _a978-81-9060561-8
041 _aENGLISH
082 _A894.811371 P8
100 _aCharu Nivedita
245 0 _aZero Degree
250 _a1st
260 _c2008
_bBlaft Publica
500 _aYES
650 _aZero Effort
_bGeneral
942 _cBK
999 _c201213
_d201213